| 000 | 01981cam a2200361 i 4500 | ||
|---|---|---|---|
| 001 | 17633956 | ||
| 003 | EG-ScBUE | ||
| 005 | 20260125094821.0 | ||
| 008 | 130220t2014 mdua fr 001 0 eng d | ||
| 020 | _a9781451175363 | ||
| 020 | _a1451175361 | ||
| 040 |
_aDNLM/DLC _beng _erda _cDLC _dDLC _dEG-ScBUE |
||
| 082 | 0 | 4 |
_a572.8076 _222 _bLIE |
| 100 | 1 |
_aLieberman, Michael, _d1950- _eauthor. _939287 |
|
| 245 | 1 | 0 |
_aBiochemistry, molecular biology, and genetics / _cMichael A. Lieberman, Rick Ricer. |
| 250 | _aSixth edition. | ||
| 264 | 1 |
_aBaltimore ; _aPhiladelphia : _bWolters Kluwer / Lippincott Williams & Wilkins, _c[2014] |
|
| 264 | 4 | _cc2014 | |
| 300 |
_aix, 449 pages : _billustrations ; _c26 cm. |
||
| 336 |
_2rdacontent _atext _btxt |
||
| 337 |
_2rdamedia _aunmediated _bn |
||
| 338 |
_2rdacarrier _avolume _bnc |
||
| 490 | 0 | _aBoard review series | |
| 500 | _aIncludes index. | ||
| 500 | _aRev. ed. of: Biochemistry, molecular biology, and genetics / Todd A. Swanson, Sandra I. Kim, Marc J. Glucksman. 5th ed. c2010. | ||
| 505 | 0 | _aFuel metabolism and nutrition, basic principles -- Basic aspects of biochemistry : organic chemistry, acid-base chemistry, amino acids, protein structure and function, and enzyme kinetics -- Gene expression (transcription), synthesis of proteins (translation), and regulation of gene expression -- Cell biology, signal transduction, and the molecular biology of cancer -- Generation of ATP from metabolic fuels and oxygen toxicity -- Carbohydrate metabolism -- Lipid and ethanol metabolism -- Nitrogen metabolism? Amino acids, purines, pyrimidines, and products derived from amino acids -- Molecular endocrinology and overview of tissue metabolism -- Human genetics : an introduction. | |
| 650 | 7 |
_aMolecular biology. _938995 _2BUEsh |
|
| 650 | 7 |
_aBiochemistry. _918368 _2BUEsh |
|
| 650 | 7 |
_aClinical biochemistry. _936628 _2BUEsh |
|
| 653 |
_bENGGEN _cJune2015 _cFebruary2016 |
||
| 700 | 1 |
_aRicer, Rick, _eauthor. |
|
| 942 |
_2ddc _cBB |
||
| 999 |
_c20109 _d20081 |
||